<?xml version="1.0" encoding="UTF-8"?>
<collection xmlns="http://www.loc.gov/MARC21/slim">
 <record>
  <leader>01333nam a22002057a 4500</leader>
  <controlfield tag="001">NCT_51286</controlfield>
  <controlfield tag="008">180921b        xxu||||| |||| 00| 0 vie d</controlfield>
  <datafield tag="999" ind1=" " ind2=" ">
   <subfield code="c">2448</subfield>
   <subfield code="d">2448</subfield>
  </datafield>
  <datafield tag="020" ind1=" " ind2=" ">
   <subfield code="a">9786046523918</subfield>
   <subfield code="c">125000</subfield>
  </datafield>
  <datafield tag="082" ind1="0" ind2="4">
   <subfield code="2">23rd ed.</subfield>
   <subfield code="a">659.11</subfield>
   <subfield code="b">V443</subfield>
  </datafield>
  <datafield tag="100" ind1="1" ind2=" ">
   <subfield code="a">Veksner, Simon</subfield>
  </datafield>
  <datafield tag="245" ind1="1" ind2="0">
   <subfield code="a">Để quảng cáo không phải là quảng cáo =</subfield>
   <subfield code="b">How to make it as an advertising creative</subfield>
   <subfield code="c"> Simon Veksner ; Hồng Tú (dịch)</subfield>
  </datafield>
  <datafield tag="260" ind1=" " ind2=" ">
   <subfield code="a">H.</subfield>
   <subfield code="b">Lao động xã hôi ; Công ty sách Thái Hà</subfield>
   <subfield code="c">2016</subfield>
  </datafield>
  <datafield tag="300" ind1=" " ind2=" ">
   <subfield code="a">200 tr.</subfield>
   <subfield code="b">minh họa</subfield>
   <subfield code="c">23cm</subfield>
  </datafield>
  <datafield tag="520" ind1=" " ind2=" ">
   <subfield code="a">Cuốn sách này bàn về những phẩm chất bạn cần để có thể thành công trong lĩnh vực quảng cáo, sẽ dạy bạn những kĩ năng vô hình nhưng lại vô cùng quan trọng nếu bạn muốn có một công việc, muốn tồn tại, trưởng thành và thành công ở một trong số những ngành công nghiệp thú vị nhất trên hành tinh này.</subfield>
  </datafield>
  <datafield tag="653" ind1=" " ind2=" ">
   <subfield code="a">Quản trị kinh doanh</subfield>
  </datafield>
  <datafield tag="700" ind1="1" ind2=" ">
   <subfield code="a">Hồng Tú </subfield>
   <subfield code="e">Dịch</subfield>
  </datafield>
  <datafield tag="942" ind1=" " ind2=" ">
   <subfield code="2">ddc</subfield>
   <subfield code="c">BK</subfield>
  </datafield>
  <datafield tag="952" ind1=" " ind2=" ">
   <subfield code="0">0</subfield>
   <subfield code="1">0</subfield>
   <subfield code="2">ddc</subfield>
   <subfield code="4">0</subfield>
   <subfield code="6">659_110000000000000_V443</subfield>
   <subfield code="7">0</subfield>
   <subfield code="9">14089</subfield>
   <subfield code="a">000001</subfield>
   <subfield code="b">000001</subfield>
   <subfield code="d">2018-09-21</subfield>
   <subfield code="o">659.11 V443</subfield>
   <subfield code="p">MD.13452</subfield>
   <subfield code="r">2018-09-21</subfield>
   <subfield code="v">125000.00</subfield>
   <subfield code="w">2018-09-21</subfield>
   <subfield code="y">BK</subfield>
  </datafield>
  <datafield tag="980" ind1=" " ind2=" ">
   <subfield code="a">Thư viện Trường Đại học Nam Cần Thơ</subfield>
  </datafield>
 </record>
</collection>
